1182 1406 1096 1162 1221 1053 1206 1454 1288 1183 1483 1984 1967 1646 1010 1349 1271 1882 1812 1729 1569 1444 1125 1373 1513 1212 1269 1434 1597 1334 1590 1800 1438 1229 1726 1283 1739 1070 1624 1277 2000 1132 1686 1504 1646 1891 1521 1096 1373 1209 1282 1394 1218 1886 1909 1980 1653 1177 1679 1623 1519 1559 1204 2000 1981 1677 1700 1284 1536 1761 1333 1353 1852 1326 1211 1855 1462 1771 1069 1245 1979 1312 1993 1597 1767 1974 1098 1087 1857 1481 1362 1798 1749 1491 1338 1868 1658 1995 1777 BCNSPRNW ULIB Ver.6.0+V

เปลี่ยนเป็นภาษาไทย

Change to English
 แสดงรายละเอียดบรรณานุกรม
  กลับหน้าหลัก

Brief Record : Get Marc (ISO 2709) : E-mail record : QR code < ปิดหน้าต่าง
LEADER : 00000nam 2200000uu 4500
001    13399113082
003     ULIB
008    110926s2552||||th 000 0 tha d
020    9743835490
050  4 PN4129^bย731ส 2552
100 0  โย่ง เชิญยิ้ม
245 10 สนุกกับ..เดี่ยวทอล์กโชว พักยกพกยิ้ม/^cโย่ง เชิญยิ้ม
250    พิมพ์ครั้งที่ 1
260    กรุงเทพฯ :^bไออุ่น,^c2552
300    175 หน้า
650  7 เรื่องตลก
945    ^p145^l0^i027369
995    ทศพร
999 ^a ทศพร
รายการนี้ยังไม่มีแท็ก
คุณยังไม่ได้ล็อกอิน คุณสามารถมีกิจกรรมร่วมกับเว็บไซต์ได้ แต่ต้องล็อกอินก่อน ::
  ล็อกอิน

รายการสื่อสารสนเทศ

ลำดับที่ ประเภท เลขเรียก/บาร์โค้ด สถานที่ สถานะ
- ไม่พบข้อมูล -

BibComment


ยังไม่เคยถูกคอมเมนท์

คอมเมนท์ทรัพยากรรายการนี้
  คอมเมนท์: สนุกกับเดี่ยวทอล์..


 Copyright 2026. Bcnsprnw @Library